000 00747nam a2200217 a 4500
005 20240911064403.0
008 010917s19672000 r 000 0 eng d
020 _a8420639648
035 _aUPN01000111580
049 _aCG
050 4 _aHM22 G3
_bW4.5a
100 1 _aWeber, Max,
_d1864-1920
245 1 3 _aEl político y el científico /
_cMax Weber ; tr. Francisco Rubio Llorente ; introd. Raymond Aron.
260 _aMadrid :
_bAlianza,
_c1967 (2000 impr.).
300 _a235 p.
440 3 _aEl libro de bolsillo.
_pCiencias sociales.
_pCiencia política ;
_v3403
534 _pTraducción de:
_tPolitik als berulf, wissenschaft als beruf
650 4 _aCiencias políticas
_96023
650 4 _aCiencia como profesión
_97177
905 _aLibro
999 _c85488
_d85488